LEADER 05047nam 22007455 450 001 996565564503316 005 20231110222136.0 010 $a3-11-069609-6 024 7 $a10.1515/9783110696097 035 $a(CKB)4100000011570276 035 $a(MiAaPQ)EBC6386281 035 $a(DE-B1597)546206 035 $a(DE-B1597)9783110696097 035 $a(OCoLC)1224278877 035 $a(Au-PeEL)EBL6386281 035 $a(OCoLC)1206401087 035 $a(EXLCZ)994100000011570276 100 $a20201125h20202021 fg 101 0 $ager 135 $aur||||||||||| 181 $ctxt$2rdacontent 182 $cc$2rdamedia 183 $acr$2rdacarrier 200 00$aHoffen - Scheitern - Weiterleben $eEnttäuschung als historische Erfahrung in Deutschland im 20. Jahrhundert /$fBernhard Gotto, Anna Ullrich 210 1$aMünchen ;$aWien : $cDe Gruyter Oldenbourg, $d[2020] 210 4$d©2021 215 $a1 online resource (VII, 223 p.) 225 0 $aQuellen und Darstellungen zur Zeitgeschichte ;$v125 311 $a3-11-069594-4 327 $tFrontmatter -- $tInhalt -- $tEditorial -- $tEinführung: Zum Umgang mit Enttäuschung aus zeitgeschichtlicher Perspektive -- $tAutobiographie und Historiographie: Geschichtspolitik als Umgang mit Enttäuschung -- $tAlles eine Frage der ?Erwartungsdämpfung?? -- $t?Enttäuschung unvermeidlich?? -- $tDisappointment and the Emotion of Historical Law and Change -- $tParadise Lost -- $tDie Politisierung des ?Guten Samariters? -- $t?Zwischen Wunsch und Wirklichkeit? -- $tErwartete Enttäuschungen? -- $tUmbrüche ?nach dem Boom? in den Lebenswegen westdeutscher Linker -- $tErich Honecker ? vom Hoffnungsträger zum Enttäuschungssymbol -- $tAbkürzungsverzeichnis -- $tAutorinnen und Autoren 330 $aObwohl Enttäuschung immer wieder große Bedeutung an historischen Zäsuren zugeschrieben wird, ist dieses Gefühl für die Zeitgeschichte noch kaum erforscht worden. Dieser Band lotet Gründe, Erscheinungsformen und Folgen von kollektiver und individueller Enttäuschung systematisch aus. Als analytische Kategorie integriert Enttäuschung Erfahrungen im Sinne von gedeuteter Vergangenheit sowie Zukunft in der Form von Erwartungen. Heuristisch öffnet Enttäuschung daher den Blick für die Vielfalt denkbarer und wünschenswerter Zukünfte. Die hier versammelten Beiträge unterstreichen dieses explorative Potenzial. Sie verdeutlichen, wie Erwartungen und die Schlussfolgerungen daraus kollektiv verhandelt wurden. Erwartungsmanagement zielte darauf ab, Enttäuschung zu vermeiden oder ihre Folgen zu minimieren. Dies gelang nicht immer. Doch Enttäuschung bedeutete niemals das ?Ende der Geschichte". Die Beiträge illustrieren vielmehr, welche Wege Personen und Gruppen fanden, um Enttäuschung zu überwinden. 330 $aWhile disillusionment has been ascribed great historical significance, this sentiment has rarely been the subject of specific research. The volume explores the causes, manifestations, and consequences of collective and individual disillusionment. Covering the entire scope of the 20th century, they show the conflicted nature of expectations as the sources of later disappointments. However, disappointment never means the ?end of history.? 410 0$aQuellen und Darstellungen Zur Zeitgeschichte 606 $aHISTORY / Europe / Germany$2bisacsh 607 $aGermany$xHistory$y20th century 607 $aGermany$2fast 608 $aHistory.$2fast 610 $a1970s. 610 $aDisappointment. 610 $adisillusionment. 610 $ahistorical semantics. 610 $ahistory of emotions. 610 $asocial history. 615 7$aHISTORY / Europe / Germany. 676 $a943.087 686 $aNK 4760$2rvk 702 $aAnna$b Greithanner, $4ctb$4https://id.loc.gov/vocabulary/relators/ctb 702 $aAnna$b Ullrich, $4ctb$4https://id.loc.gov/vocabulary/relators/ctb 702 $aBelinda$b Davis, $4ctb$4https://id.loc.gov/vocabulary/relators/ctb 702 $aBernhard$b Gotto, $4ctb$4https://id.loc.gov/vocabulary/relators/ctb 702 $aCarla$b Aßmann, $4ctb$4https://id.loc.gov/vocabulary/relators/ctb 702 $aChristian$b Helm, $4ctb$4https://id.loc.gov/vocabulary/relators/ctb 702 $aGotto$b Bernhard, $4edt$4http://id.loc.gov/vocabulary/relators/edt 702 $aIsabel$b Heinemann, $4ctb$4https://id.loc.gov/vocabulary/relators/ctb 702 $aKonrad$b Sziedat, $4ctb$4https://id.loc.gov/vocabulary/relators/ctb 702 $aMartin$b Sabrow, $4ctb$4https://id.loc.gov/vocabulary/relators/ctb 702 $aMatthias$b Kuhnert, $4ctb$4https://id.loc.gov/vocabulary/relators/ctb 702 $aSebastian$b Rojek, $4ctb$4https://id.loc.gov/vocabulary/relators/ctb 702 $aUllrich$b Anna, $4edt$4http://id.loc.gov/vocabulary/relators/edt 801 0$bDE-B1597 801 1$bDE-B1597 906 $aBOOK 912 $a996565564503316 996 $aHoffen - Scheitern - Weiterleben$93602648 997 $aUNISA LEADER 02120nam0 22003731i 450 001 UON00089353 005 20231205102502.727 010 $a25-03-50041-2 100 $a20020107g19901991 |0itac50 ba 101 $aita 102 $aIT 105 $a||||9 ||||| 200 1 $aHistoire de la littérature latine du moyen âge. Tome 1.: De Cassiodore a la fin de la renaissance carolingienne$fpar Franz Brunhölzl mis à jour par l'auteur$gtraduit de l'allemand par Henri Rochais$gcompléments bibliographiques pour l'edition française par Jean-Paul Bouhot 205 $aLouvain-La-Neuve : Brepols. v.$g25 cm 210 $aVolume 1.: L'époque merovingienne 215 $acopyr.1990. - Volume 2.: L'époque carolingienne 316 $aCNR Prof. Munzi (posiz. inv. 11581)$5IT-UONSI YCB001/001 316 $aCNR Prof. Munzi (posiz. inv. 11581)$5IT-UONSI YCB001/002 410 1$1001UON00087312$12001 $aReference works for the study of medieval civilization$dOuvrages de référence pour l'étude de la civilisation médiévale$1210 $aLouvain-La-Neuve$cBrepols. 500 1$3UON00363178$aGeschichte der lateinische Literatur des Mittelalters$948591 606 $aLETTERATURA LATINA$xStoria$xMedioevo$3UONC026649$2FI 606 $aMedioevo$xLetteratura$xFrancia$3UONC026651$2FI 620 $aBE$dLouvain$3UONL000316 676 $a870$cLetteratura latina$v21 700 1$aBRUNHOLZL$bFranz$3UONV056640$0421749 702 1$aBOUHOT$bJean-Paul$3UONV052916 702 1$aROCHAIS$bHenri$3UONV056641 712 $aBrepols$3UONV247627$4650 801 $aIT$bSOL$c20250829$gRICA 912 $aUON00089353 950 $aSIBA - SISTEMA BIBLIOTECARIO DI ATENEO$dSI Y CB 001 001 $eSI RIC1158110 7 001 CNR Prof. Munzi (posiz. inv. 11581) 950 $aSIBA - SISTEMA BIBLIOTECARIO DI ATENEO$dSI Y CB 001 002 $eSI RIC1158111 7 002 CNR Prof. Munzi (posiz. inv. 11581) 996 $aGeschichte der lateinische Literatur des Mittelalters$948591 997 $aUNIOR